| 000 | 00691nam a2200193Ia 4500 | ||
|---|---|---|---|
| 003 | GCL | ||
| 008 | 140319s9999 xx 000 0 ara d | ||
| 040 |
_aGCL / _cGCL |
||
| 082 | 0 | 4 |
_a329.02569 _bك س |
| 100 | 1 | _aكييفال, جيرشون | |
| 245 | 1 | 0 |
_aالسياسات الحزبية فى اسرائيل والاراضى المحتلة / _cكييفال, جيرشون |
| 700 | 1 | _aمصطفى الرز | |
| 300 | _a266 ص | ||
| 490 |
_aالهيئة العامة للاستعلامات _v0 |
||
| 650 | 0 | 4 | _aالنزاع العربى الاسرائيلى |
| 650 | 0 | 4 | _aاتفاقيات كامب ديفيد |
| 650 | 0 | 4 | _aاسرائيل - الاحزاب السياسية |
| 942 |
_2ddc _cBK |
||
| 999 |
_c48100 _d48100 |
||